01150nam a2200253 a 4500001001000000003000900010005001700019008004100036040002500077082001800102110007600120240002100196245021200217260011900429300002100548650002400569650002100593650003800614650003600652700003800688700002200726700002900748710011900777000002954DO-SdBNP20240411202003.0090706s2000 dr r 000 0 spa d aDO-SdBNPbspacBNPHU a341.37bR426d1 aRepública DominicanabSecretaría de Estado de Relaciones Exteriores00a[Tratados, etc.]10aDerecho humanitario :brecopilación de tratados, protocolos, decretos, leyes y reglamentos /cServio Tulio Castaños Guzmán ; presentación Jean Marc Bornet ; edición al cuidado de Ana E. Martínez. aSanto Domingo :bComisión Nacional Permanente para la Aplicación del Derecho Internacional Humanitario,c2000. a650 p. ;c24 cm. 4aDerecho humanitario 0aDerechos humanos 4aDerecho internacional humanitario 4aDerecho internacional público1 aCastaños Guzmán, Servio Tulio1 aBornet, Jean Marc1 aMartínez, Ana E.,eed.2 aComisión Nacional Permanente para la Aplicación del Derecho Internacional Humanitario (República Dominicana)